| 000 | 00495cam a22002051 4500 | ||
|---|---|---|---|
| 001 | sa 64008484 | ||
| 003 | DLC | ||
| 005 | 20260227112054.0 | ||
| 008 | 881028s1964 xx 000 0 hino | ||
| 010 | _asa 64008484 | ||
| 035 | _a(OCoLC)23541759 | ||
| 040 |
_aDLC _cMiU _dDLC |
||
| 042 | _apremarc | ||
| 050 | 0 | 0 |
_aPK1718.C423 _bD8 1964 |
| 100 | 1 |
_aChatterjee, Hari Narayan, _d1916- |
|
| 245 | 1 | 0 | _aDūrera mālañca. |
| 260 | _c[1964] | ||
| 300 |
_a177 p. _c22 cm. |
||
| 500 | _aRomanized. | ||
| 999 |
_c60890 _d60890 |
||